Developmental tasks for kindergarten readiness--II, DTKR II : assessment of prekindergarten children to determine kindergarten readiness /

Bibliographic Details
Main Author: Lesiak, Walter J., 1940-
Other Authors: Lesiak, Judi
Format: Book
Language:English
Published: Brandon, VT : Clinical Psychology Pub. Co., 1994.
Edition:2nd ed.
Subjects:

MARC

Tag First Indicator Second Indicator Subfields
LEADER 00000cam a2200000 a 4500
001 in00001227321
005 20151002094509.0
008 931021s1994 vtua b 000 0 eng
010 |a  93041855  
020 |a 0884220958 
035 |a (OCoLC)29257097 
035 |9 AGQ7198AM 
040 |a DLC  |c DLC  |d UtOrBLW 
049 |a TXAM 
050 0 0 |a LB1132  |b .L47 1993 
082 0 0 |a 372.21  |2 20 
100 1 |a Lesiak, Walter J.,  |d 1940- 
245 1 0 |a Developmental tasks for kindergarten readiness--II, DTKR II :  |b assessment of prekindergarten children to determine kindergarten readiness /  |c Walter J. Lesiak, Judi Lucas Lesiak. 
250 |a 2nd ed. 
264 1 |a Brandon, VT :  |b Clinical Psychology Pub. Co.,  |c 1994. 
300 |a iii, 72 pages :  |b illustrations ;  |c 28 cm. +  |e 1 materials book (20 leaves : all illustrations (1 color) ; 21 cm.) 
336 |a text  |b txt  |2 rdacontent 
337 |a unmediated  |b n  |2 rdamedia 
338 |a volume  |b nc  |2 rdacarrier 
500 |a Test booklet (12 pages) tipped in. 
504 |a Includes bibliographical references (pages 58-62). 
650 0 |a Readiness for school. 
650 0 |a Child development  |x Testing. 
650 0 |a Kindergarten. 
650 0 |a Educational tests and measurements. 
700 1 |a Lesiak, Judi. 
999 |a MARS 
999 f f |s 7031fa69-bc02-3c84-9361-cfe081432171  |i cf21b943-3414-3690-a927-f952c3f8590d  |t 0 
952 f f |p normal  |a Texas A&M University  |b College Station  |c Sterling C. Evans Library  |d Evans: Library Stacks  |t 0  |e LB1132 .L47 1993  |h Library of Congress classification  |i unmediated -- volume  |k Text  |m A14818990876 
952 f f |p normal  |a Texas A&M University  |b College Station  |c Sterling C. Evans Library  |d Evans: Library Stacks  |t 0  |e LB1132 .L47 1993  |h Library of Congress classification  |i unmediated -- volume  |k Material bk.  |m A14816873010 
998 f f |a LB1132 .L47 1993  |s "Text"  |t 0  |l Evans: Library Stacks